000 00310 a2200109 4500
001 ART_33045
005 20260410161926.0
008 260409a
245 1 0 _aRiesgo operacional en entidades financieras
100 1 _aBlanco, Alejandro
773 0 _tLecturas
_g- NÂș 14 (ene. 2010)
_wREV19328
999 _c28179
_d28179